header

Our day to end poverty (Record no. 122557)

MARC details
000 -LEADER
fixed length control field 02446nam a22003614a 4500
100 1# - MAIN ENTRY--AUTHOR NAME
Personal name Daley-Harris, Shannon.
245 10 - TITLE STATEMENT
Title Our day to end poverty
260 ## - PUBLICATION, DISTRIBUTION, ETC. (IMPRINT)
Place of publication San Francisco, CA :
Name of publisher Berrett-Koehler Publishers,
Year of publication c2007.
300 ## - PHYSICAL DESCRIPTION
Number of Pages xiv, 232 p.
490 1# - SERIES STATEMENT
Series statement A BK currents book
505 0# - FORMATTED CONTENTS NOTE
Formatted contents note Preface -- Introduction: opening our eyes to how we can end poverty in our day -- Break the fast -- Educate every child -- Make work pay -- Care for our children -- Give all children healthy futures -- Help produce a better harvest -- Consume with conscience -- Give from the heart: more thoughts on giving -- End hunger and malnutrition -- Extend the reach of technology -- Expand access to microcredit -- Encourage social entrepreneurship -- Ensure health care for all -- Provide housing -- Call for debt relief -- Serve with satisfaction: more thoughts on volunteering -- Extend hospitality and create community -- Spread literacy -- Improve transportation options -- Travel with a purpose -- Save the lives of mothers and newborns -- Improve access to clean water -- Increase international development aid -- Speak up for justice: more thoughts on advocacy -- Conclusion: dream of a bright tomorrow -- How to use this book with others -- Guide for schools -- Guide for the workplace -- Guide for places of worship -- Index -- About the book team.
650 #0 - SUBJECT ADDED ENTRY--TOPICAL TERM
Topical Term Poverty.
Topical Term Social action.
700 1# - ADDED ENTRY--PERSONAL NAME
Personal name Keenan, Jeffrey,
Personal name Speerstra, Karen.
856 40 - ELECTRONIC LOCATION AND ACCESS
Uniform Resource Identifier http://site.ebrary.com/lib/rucke/Doc?id=10205947

No items available.

© 2026 Rongo University
Contact us: librarian | system librarian | Rongo university